Protecting the faultless victim (Record no. 82351)

MARC details
000 -LEADER
fixed length control field 00875cab a22001935a 4500
001 - CONTROL NUMBER
control field L149960
008 - FIXED-LENGTH DATA ELEMENTS--GENERAL INFORMATION
fixed length control field 100519s20100501xxk f g 000 0 eng d
035 ## - SYSTEM CONTROL NUMBER
System control number (Sirsi) u149960
041 0# - LANGUAGE CODE
Language code of text/sound track or separate title eng
100 1# - MAIN ENTRY--PERSONAL NAME
Personal name Tabinor, David
245 00 - TITLE STATEMENT
Title Protecting the faultless victim
260 ## - PUBLICATION, DISTRIBUTION, ETC.
Date of publication, distribution, etc. 2010
490 ## - SERIES STATEMENT
Series statement Estates Gazette
Volume/sequential designation (1017) 1 May 2010, 92(1)
520 ## - SUMMARY, ETC.
Summary, etc. The Mortgage Repossession (Protection of Tenants etc) Act 2010 comes into force later this year. This will protect tenants who are made homeless through no fault of their own when their landlords have defaulted on their mortgages by giving the tenant the right to suspend a possession order for two months. It is hoped that this Act will contribute to a strong and well managed private rented sector.
590 ## - LOCAL NOTE (RLIN)
Local note KA
651 #4 - SUBJECT ADDED ENTRY--GEOGRAPHIC NAME
Geographic name England and Wales
Chronological subdivision 1543-
690 ## - LOCAL SUBJECT ADDED ENTRY--TOPICAL TERM (OCLC, RLIN)
Topical term or geographic name as entry element Landlord and tenant
9 (RLIN) 6252
942 ## - ADDED ENTRY ELEMENTS (KOHA)
Suppress in OPAC 0
Holdings
Withdrawn status Lost status Source of classification or shelving scheme Damaged status Not for loan Home library Current library Shelving location Date acquired Total Checkouts Full call number Barcode Date last seen Copy number Price effective from Koha item type
    Dewey Decimal Classification     London London Books 19/05/2010   L149960 149960-1001 06/08/2019 1 06/08/2019 Book